| 000 | 01231cam a2200289 a 4500 | ||
|---|---|---|---|
| 001 | 13984712 | ||
| 005 | 20241119102044.0 | ||
| 008 | 050527s2005 fluab b 001 0 eng | ||
| 010 | _a 2005050285 | ||
| 020 | _a9780849338946 (acidfree paper) | ||
| 020 | _a0849338948 (acidfree paper) | ||
| 040 |
_aDLC _cDLC _dDLC |
||
| 050 | 0 | 0 |
_aZ1006 _b.E57 2003 Suppl. |
| 082 | 0 | 0 |
_a020.3 _223 |
| 245 | 0 | 0 |
_aEncyclopedia of library and information science, second edition. _nFirst update supplement / _cedited by Miriam A. Drake. |
| 260 |
_aBoca Raton, FL : _bTaylor & Francis, _c2005. |
||
| 300 |
_axi, 421 p. : _bill., maps ; _c29 cm. |
||
| 504 | _aIncludes bibliographical references and index. | ||
| 650 | 0 |
_aLibrary science _vEncyclopedias. _95377 |
|
| 650 | 0 |
_aInformation science _vEncyclopedias. _95378 |
|
| 700 | 1 |
_aDrake, Miriam A. _95379 |
|
| 730 | 0 |
_aEncyclopedia of library and information science. _95380 |
|
| 856 | 4 | 2 |
_3Publisher description _uhttp://www.loc.gov/catdir/enhancements/fy0648/2005050285-d.html |
| 906 |
_a7 _bcbc _corignew _d1 _eocip _f20 _gy-gencatlg |
||
| 942 |
_2ddc _cBK |
||
| 999 |
_c6617 _d6617 |
||